Pacific economic development report 1995: advancing regional integration

Uloženo v:
Podrobná bibliografie
Hlavní autor: Borthwick, Mark (Autor)
Médium: Kniha
Jazyk:angličtina
Vydáno: Singapur Pacific Economic Cooperation Council 1994
Vydání:1a. ed
Témata:
Tagy: Přidat tag
Žádné tagy, Buďte první, kdo vytvoří štítek k tomuto záznamu!

MARC

LEADER 00000cam a2200000 a 4500
001 UCG2557
003 CL-VaPUC
008 100715e19940000si |||||||||||||||||eng|d
020 |a 1886418004 
082 0 4 |a 330.950  |b BOR  |2 21 
100 0 |a Borthwick, Mark  |e author  |9 551024 
245 1 0 |a Pacific economic development report 1995: advancing regional integration 
250 |a 1a. ed 
300 |a 186 p 
942 |c BK 
945 |d 20100715 00:00:00  |a dcastane 
260 |a Singapur  |b Pacific Economic Cooperation Council  |c 1994 
650 0 |a Economía internacional  |9 258254 
650 7 |a BALANZA DE PAGO  |2 CL-VaPUC  |9 338673 
650 7 |a RECESION  |2 CL-VaPUC  |9 409493 
650 0 |a Inflación   |9 257218 
651 0 |a Asia  |9 268338 
651 7 |a PACIFICO  |2 CL-VaPUC  |9 441607 
583 |a last modification  |c 20140805 11:39:11  |k Rodrigo Vera 
999 |c 341698  |d 341696 
952 |0 0  |1 0  |4 0  |6 330_950000000000000_BOR_1994  |7 0  |8 A  |9 437361  |a BIBGIM  |b BIBGIM  |d 2019-11-22  |i 4692780  |o 330.950 BOR 1994  |p 4692780  |r 2025-01-15  |w 2019-11-22  |y BK  |k ORI